000 00761nam1a22002291 4500
001 RU\NLR\A1SV\59563
005 20251203171251.9
035 _a(NLR Aleph) 009741519
090 _a9945514
_c9945514
100 _a20081112d1918 u y0rusy50 ca
101 0 _arus
102 _aRU
200 1 _aНемецкий язык
_fЛекции сост. группой педагогов под ред. Л.Е.Габриловича
_gАкад. иностр. яз.
210 _aПг.
_cБлаго
_d[1918]
620 _dСанкт-Петербург
702 1 _aГабрилович
_bЛ.Е.
_f1878-
_gЛеонид Евгеньевич
801 0 _aRU
_bNLR
_c20081112
852 _aNLR
_j17.157.3.12(н.н.м.)
942 _cBOOK
980 _aNB
980 _aA1SV